Gastrointestinal Radiology (Record no. 1463)

MARC details
000 -LEADER
fixed length control field 00827pam a2200277 a 4500
001 - CONTROL NUMBER
control field 4850509
003 - CONTROL NUMBER IDENTIFIER
control field OSt
005 - DATE AND TIME OF LATEST TRANSACTION
control field 20210310121926.0
008 - FIXED-LENGTH DATA ELEMENTS--GENERAL INFORMATION
fixed length control field 910220s1991 paua b 001 0 eng c
010 ## - LIBRARY OF CONGRESS CONTROL NUMBER
LC control number 91009672
020 ## - INTERNATIONAL STANDARD BOOK NUMBER
International Standard Book Number 156375004X
040 ## - CATALOGING SOURCE
Original cataloging agency DNLM/DLC
Transcribing agency DLC
Modifying agency DLC
050 10 - LIBRARY OF CONGRESS CALL NUMBER
Classification number RC804.R6
Item number F37 1991
060 ## - NATIONAL LIBRARY OF MEDICINE CALL NUMBER
Classification number WI 141 F233g
082 00 - DEWEY DECIMAL CLASSIFICATION NUMBER
Classification number WI141 F237g 1991
Edition number 20
100 1# - MAIN ENTRY--PERSONAL NAME
Personal name Farman, Jack.
9 (RLIN) 3858
245 10 - TITLE STATEMENT
Title Gastrointestinal Radiology
260 ## - PUBLICATION, DISTRIBUTION, ETC. (IMPRINT)
Place of publication, distribution, etc. Philadelphia :
Name of publisher, distributor, etc. Lippincott ;
Date of publication, distribution, etc. c1991.
300 ## - PHYSICAL DESCRIPTION
Extent 1 v. (various pagings) :
Other physical details ill. (some col.) ;
Dimensions 26 cm.
504 ## - BIBLIOGRAPHY, ETC. NOTE
Bibliography, etc Includes bibliographical references and index.
650 #0 - SUBJECT ADDED ENTRY--TOPICAL TERM
Topical term or geographic name as entry element Radiogy
9 (RLIN) 3859
650 #2 - SUBJECT ADDED ENTRY--TOPICAL TERM
Topical term or geographic name as entry element Gastrointestinal Diseases
9 (RLIN) 3860
906 ## - LOCAL DATA ELEMENT F, LDF (RLIN)
a 7
b cbc
c orignew
d 1
e ocip
f 19
g y-gencatlg
942 ## - ADDED ENTRY ELEMENTS (KOHA)
Source of classification or shelving scheme Other/Generic Classification Scheme
Koha item type Short Loan
Holdings
Withdrawn status Lost status Source of classification or shelving scheme Damaged status Not for loan Home library Current library Date acquired Source of acquisition Inventory number Total Checkouts Full call number Barcode Date last seen Price effective from Koha item type
    Other/Generic Classification Scheme     MUST Main Library MUST Main Library 15/04/2015   2001/15218   WI 141 F237g 1991 2015-0981 15/04/2015 15/04/2015 Short Loan